|
|
|
|
| LEADER |
03807nam a2200397 a 4500 |
| 001 |
GR-Antirio1117 |
| 008 |
150202s2005 nyu g b 001 0 eng d |
| 020 |
|
|
|a 038723697X
|
| 040 |
|
|
|a GrPaTEI
|b gre
|c GR-PaULI
|
| 040 |
|
|
|a GrPaTEI
|b gre
|c GR-PaULI
|
| 082 |
|
0 |
|a 621.3821
|2 22
|
| 100 |
1 |
|
|a Comaniciu, Cristina
|
| 245 |
1 |
0 |
|a Wireless networks :
|b multiuser detection in cross-layer design /
|c Cristina Comaniciu, Narayan B. Mandayam, H. Vincent Poor.
|
| 260 |
|
|
|a New York :
|b Spinger,
|c 2005
|
| 300 |
|
|
|a xvii, 202 σ. :
|b εικ.
|
| 490 |
0 |
|
|a Information Technology. Transmission, processing, and storage
|
| 504 |
|
|
|a Περιλαμβάνει βιβλιογραφίες και ευρετήριο.
|
| 650 |
|
4 |
|a Αποδιαμόρφωση (Ηλεκτρονική)
|
| 650 |
|
4 |
|a Ασύρματη επικοινωνία, Συστήματα της
|x Μέτρα ασφάλειας
|
| 700 |
1 |
|
|a Mandayam, Narayam B.
|
| 700 |
1 |
|
|a Poor, Vincent H.
|
| 942 |
|
|
|2 ddc
|
| 952 |
|
|
|0 0
|1 0
|2 ddc
|4 0
|6 621_382100000000000_COM
|7 0
|9 262955
|a LISK-2
|b LISK-2
|c BSC
|d 2021-01-17
|e 24
|f 0
|g 0.00
|l 0
|o 621.3821 COM
|p 2430000007397
|r 2021-01-17 00:00:00
|t 1
|w 2021-01-17
|y BK15
|x 20150202 0 ΧΑΣΑΝΗ 1
|x GrPaTEI - Antirrio
|
| 952 |
|
|
|0 0
|1 0
|2 ddc
|4 0
|6 621_382100000000000_COM
|7 0
|9 262956
|a LISK-2
|b LISK-2
|c BSC
|d 2021-01-17
|e 24
|f 0
|g 0.00
|l 0
|o 621.3821 COM
|p 2430000007621
|r 2021-01-17 00:00:00
|t 1
|w 2021-01-17
|y BK15
|x 20150202 0 ΧΑΣΑΝΗ 1
|x GrPaTEI - Antirrio
|
| 952 |
|
|
|0 0
|1 0
|2 ddc
|4 0
|6 621_382100000000000_COM
|7 0
|9 262957
|a LISK-2
|b LISK-2
|c BSC
|d 2021-01-17
|e 24
|f 0
|g 0.00
|l 0
|o 621.3821 COM
|p 2430000007622
|r 2021-01-17 00:00:00
|t 1
|w 2021-01-17
|y BK15
|x 20150202 0 ΧΑΣΑΝΗ 1
|x GrPaTEI - Antirrio
|
| 952 |
|
|
|0 0
|1 0
|2 ddc
|4 0
|6 621_382100000000000_COM
|7 0
|9 262958
|a LISK-2
|b LISK-2
|c BSC
|d 2021-01-17
|e 24
|f 0
|g 0.00
|l 0
|o 621.3821 COM
|p 2430000007623
|r 2021-01-17 00:00:00
|t 1
|w 2021-01-17
|y BK15
|x 20150202 0 ΧΑΣΑΝΗ 1
|x GrPaTEI - Antirrio
|
| 952 |
|
|
|0 0
|1 0
|2 ddc
|4 0
|6 621_382100000000000_COM
|7 0
|9 262959
|a LISK-2
|b LISK-2
|c BSC
|d 2021-01-17
|e 24
|f 0
|g 0.00
|l 0
|o 621.3821 COM
|p 2430000007625
|r 2021-01-17 00:00:00
|t 1
|w 2021-01-17
|y BK15
|x 20150202 0 ΧΑΣΑΝΗ 1
|x GrPaTEI - Antirrio
|
| 952 |
|
|
|0 0
|1 0
|2 ddc
|4 0
|6 621_382100000000000_COM
|7 0
|9 262960
|a LISK-2
|b LISK-2
|c BSC
|d 2021-01-17
|e 24
|f 0
|g 0.00
|l 0
|o 621.3821 COM
|p 2430000007626
|r 2021-01-17 00:00:00
|t 1
|w 2021-01-17
|y BK15
|x 20150202 0 ΧΑΣΑΝΗ 1
|x GrPaTEI - Antirrio
|
| 952 |
|
|
|0 0
|1 0
|2 ddc
|4 0
|6 621_382100000000000_COM
|7 0
|9 262961
|a LISK-2
|b LISK-2
|c BSC
|d 2021-01-17
|e 24
|f 0
|g 0.00
|l 0
|o 621.3821 COM
|p 2430000007627
|r 2021-01-17 00:00:00
|t 1
|w 2021-01-17
|y BK15
|x 20150202 0 ΧΑΣΑΝΗ 1
|x GrPaTEI - Antirrio
|
| 952 |
|
|
|0 0
|1 0
|2 ddc
|4 0
|6 621_382100000000000_COM
|7 0
|9 262962
|a LISK-2
|b LISK-2
|c BSC
|d 2021-01-17
|e 24
|f 0
|g 0.00
|l 0
|o 621.3821 COM
|p 2430000007628
|r 2021-01-17 00:00:00
|t 1
|w 2021-01-17
|y BK15
|x 20150202 0 ΧΑΣΑΝΗ 1
|x GrPaTEI - Antirrio
|
| 952 |
|
|
|0 0
|1 0
|2 ddc
|4 0
|6 621_382100000000000_COM
|7 0
|9 262963
|a LISK-2
|b LISK-2
|c BSC
|d 2021-01-17
|e 24
|f 0
|g 0.00
|l 0
|o 621.3821 COM
|p 2430000007629
|r 2021-01-17 00:00:00
|t 1
|w 2021-01-17
|y BK15
|x 20150202 0 ΧΑΣΑΝΗ 1
|x GrPaTEI - Antirrio
|
| 952 |
|
|
|0 0
|1 0
|2 ddc
|4 0
|6 621_382100000000000_COM
|7 0
|9 262964
|a LISK-2
|b LISK-2
|c BSC
|d 2021-01-17
|e 24
|f 0
|g 0.00
|l 0
|o 621.3821 COM
|p 2430000007630
|r 2021-01-17 00:00:00
|t 1
|w 2021-01-17
|y BK15
|x 20150202 0 ΧΑΣΑΝΗ 1
|x GrPaTEI - Antirrio
|
| 952 |
|
|
|0 0
|1 0
|2 ddc
|4 0
|6 621_382100000000000_COM
|7 0
|9 262965
|a LISK-2
|b LISK-2
|c BSC
|d 2021-01-17
|e 24
|f 0
|g 0.00
|l 0
|o 621.3821 COM
|p 2430000007631
|r 2021-01-17 00:00:00
|t 1
|w 2021-01-17
|y BK15
|x 20150202 0 ΧΑΣΑΝΗ 1
|x GrPaTEI - Antirrio
|
| 952 |
|
|
|0 0
|1 0
|2 ddc
|4 0
|6 621_382100000000000_COM
|7 0
|9 262966
|a LISK-2
|b LISK-2
|c BSC
|d 2021-01-17
|e 24
|f 0
|g 0.00
|l 0
|o 621.3821 COM
|p 2430000007632
|r 2021-01-17 00:00:00
|t 1
|w 2021-01-17
|y BK15
|x 20150202 0 ΧΑΣΑΝΗ 1
|x GrPaTEI - Antirrio
|
| 971 |
|
|
|a .b25709161
|b 15-04-20
|c 12-09-16
|
| 999 |
|
|
|c 151445
|d 151445
|